How to do everything with Microsoft Office Access 2007 /

Maximize the powerful features of the latest release of today's most popular desktop database program. How to Do Everything with Microsoft Office Access 2007 shows you how to create and customize an efficient, multi-user database, retrieve, interpret, and share your data, secure your informatio...

全面介绍

Saved in:
书目详细资料
主要作者: Andersen, Virginia
格式: 图书
出版: New York : McGraw-Hill, c2007.
主题:
在线阅读:http://www.loc.gov/catdir/enhancements/fy0810/2007276581-b.html
http://www.loc.gov/catdir/enhancements/fy0810/2007276581-d.html
http://www.loc.gov/catdir/enhancements/fy0810/2007276581-t.html
标签: 添加标签
没有标签, 成为第一个标记此记录!

MARC

LEADER 00000cam a22000007a 4500
020 |a 9780072263466   |c TZS 10,000/= 
040 |a MUL  |b eng.  |e AACR 
082 0 4 |a 005.74 AND 
100 1 |a Andersen, Virginia. 
245 1 0 |a How to do everything with Microsoft Office Access 2007 /  |c Virginia Andersen. 
246 3 0 |a Microsoft Office Access 2007 
260 |a New York :  |b McGraw-Hill,  |c c2007. 
300 |a xxi, 617 p. :  |b ill. ;  |c 23 cm. 
500 |a Includes index. 
505 |a pt. I. Get Started Get Acquainted with Access 2007 Create a Database Create and Modify Tables Relate Tables Enter and Edit Data pt. II. Retrieve and Present Information Sort, Filter, and Print Records Extract Information with Queries Create Advanced Queries Understand Form Report Design Basics Create Custom Forms and Subforms Create and Customize Reports and Subreports Create Charts and Graphs pt. III. Improve the Access 2007 Workplace Customize the Workplace Speed Up Your Database Automate with Macros Customize the User Interface Customize the Navigation Pane and Create Switchboards pt. IV. Exchange Data with Others Exchange Database Objects and Text Exchange Data with Outside Sources Share with Multiple Users Secure a Database Appendix. Convert to Access 200 
520 |a Maximize the powerful features of the latest release of today's most popular desktop database program. How to Do Everything with Microsoft Office Access 2007 shows you how to create and customize an efficient, multi-user database, retrieve, interpret, and share your data, secure your information, and much more. Designed to help you get things done quickly and easily, this user-friendly guide is your all-access pass to Access 2007 
546 |a eng. 
650 0 |a Database management 
856 4 2 |u http://www.loc.gov/catdir/enhancements/fy0810/2007276581-b.html 
856 4 2 |u http://www.loc.gov/catdir/enhancements/fy0810/2007276581-d.html 
856 4 1 |u http://www.loc.gov/catdir/enhancements/fy0810/2007276581-t.html 
942 |c BK 
999 |c 6891  |d 6891